|
|
|
|
| LEADER |
01879nam a2200469Ia 4500 |
| 001 |
EBC3414929 |
| 003 |
MiAaPQ |
| 005 |
20200520144314.0 |
| 006 |
m o d | |
| 007 |
cr cn||||||||| |
| 008 |
960919r19991997miua sb s001 0 eng d |
| 010 |
|
|
|z 96043487
|
| 020 |
|
|
|z 047210764X
|
| 020 |
|
|
|z 9780472107643
|
| 020 |
|
|
|z 9780472086122
|
| 035 |
|
|
|a (MiAaPQ)EBC3414929
|
| 035 |
|
|
|a (Au-PeEL)EBL3414929
|
| 035 |
|
|
|a (CaPaEBR)ebr10412502
|
| 035 |
|
|
|a (CaONFJC)MIL275418
|
| 035 |
|
|
|a (OCoLC)923503471
|
| 040 |
|
|
|a MiAaPQ
|c MiAaPQ
|d MiAaPQ
|
| 050 |
|
4 |
|a JK768.4
|b .B74 1999
|
| 100 |
1 |
|
|a Brehm, John,
|d 1960-
|
| 245 |
1 |
0 |
|a Working, shirking, and sabotage
|h [electronic resource] :
|b bureaucratic response to a democratic public /
|c John Brehm and Scott Gates.
|
| 250 |
|
|
|a 1st pbk. ed.
|
| 260 |
|
|
|a Ann Arbor, Mich. :
|b University of Michigan Press,
|c 1999, c1997.
|
| 300 |
|
|
|a x, 270 p. :
|b ill.
|
| 490 |
1 |
|
|a Michigan studies in political analysis
|
| 504 |
|
|
|a Includes bibliographical references and index.
|
| 533 |
|
|
|a Electronic reproduction. Ann Arbor, MI : ProQuest, 2015. Available via World Wide Web. Access may be limited to ProQuest affiliated libraries.
|
| 650 |
|
0 |
|a Bureaucracy
|z United States.
|
| 650 |
|
0 |
|a Democracy
|z United States.
|
| 650 |
|
0 |
|a Government productivity
|z United States.
|
| 650 |
|
0 |
|a Local officials and employees
|x Professional ethics
|z United States.
|
| 650 |
|
0 |
|a State governments
|z United States
|x Officials and employees
|x Professional ethics.
|
| 650 |
|
0 |
|a Supervision of employees.
|
| 651 |
|
0 |
|a United States
|x Officials and employees
|x Professional ethics.
|
| 655 |
|
4 |
|a Electronic books.
|
| 700 |
1 |
|
|a Gates, Scott.
|
| 710 |
2 |
|
|a ProQuest (Firm)
|
| 830 |
|
0 |
|a Michigan studies in political analysis.
|
| 856 |
4 |
0 |
|u https://ebookcentral.proquest.com/lib/matrademy/detail.action?docID=3414929
|z Click to View
|